Guess the 1960s song lyrics #197 - Statistics

General Stats
  • This quiz has been taken 17 times
  • The average score is 112 of 211
Answer Stats
Answer % Correct
I
100%
He
93%
me
93%
to
93%
and
87%
her
87%
my
87%
man
80%
No
80%
no
80%
that
73%
his
67%
I'm
67%
she
67%
She
67%
can't
60%
like
60%
what
60%
don't
53%
more
53%
one
53%
With
53%
baby
47%
He's
47%
him
47%
other
47%
some
47%
was
47%
loving
40%
take
40%
That's
40%
Well
40%
guy
33%
knows
33%
likes
33%
got
27%
Much
27%
bread
20%
butter
20%
home
20%
jam
20%
surprise
20%
toast
20%
feed
13%
feeds
13%
Newbeats
13%
chicken
7%
cook
7%
dumplings
7%
early
7%
eating
7%
Found
7%
found
7%
mashed
7%
morning
7%
peanut
7%
potatoes
7%
steaks
7%
T-bone
7%
No matching quizzes found
Score Distribution
Percent of People with Each Score
Percentile by Number Answered
Your Score History
You have not taken this quiz